| 000 | 00966nam a2200289Ia 4500 | ||
|---|---|---|---|
| 003 | OSt | ||
| 005 | 20220918170951.0 | ||
| 006 | a|||||r|||| 00| 0 | ||
| 007 | ta | ||
| 008 | 220917b |||||||| |||| 00| 0 eng d | ||
| 020 |
_a9781107154698 (hbk) _cUKP 79.99 |
||
| 024 | _a348,136 | ||
| 037 |
_b56956, 17/01/2019, Segment Book Distributors _cTextual |
||
| 040 |
_aARTS _cARTS _beng |
||
| 041 |
_2eng _aeng |
||
| 082 | _aR3xC57:g, Q8 | ||
| 100 |
_aBaltzly Dirk Tr. _932734 |
||
| 245 | 0 |
_aProclus _b commentray on Plato's republic |
|
| 260 |
_aNew York _bCambridge University Press USA _c2018 |
||
| 300 |
_axii,431p. _ccm. |
||
| 490 | _vVol. 1 | ||
| 650 |
_aPHILOSOPHERS; PLATO _928987 |
||
| 700 |
_a Finamore John F. Tr. _932735 |
||
| 700 |
_a Miles Graeme Tr. _932736 |
||
| 942 |
_hR3xC57:g, Q8 _cTEXL _2CC |
||
| 999 |
_c137000 _d137000 |
||